000 00278nam a2200121Ia 4500
008 221030s9999 xx 000 0 und d
041 _aEnglish
082 _a105.23
_bBE
245 0 _aProgrammer`s Guide To Fox Pro 2.5/2.6
_bFLOPPY
260 _c1995
650 _aBook
942 _cCD
999 _c170
_d170